Country Elimination by Category - Sudden Death! - Statistics

General Stats
  • This quiz has been taken 47,380 times
  • The average score is 10 of 24
Answers on the Map
Answers color-coded by a green-red scale on the quiz's map according to % correct below.
 
Answer Stats
Answer % Correct
United States
92%
Pakistan
74%
Russia
74%
Brazil
72%
Nigeria
70%
Egypt
67%
Mexico
67%
France
54%
Algeria
50%
Australia
47%
Croatia
45%
Ireland
34%
Jamaica
30%
Syria
27%
Chad
23%
Kenya
23%
Bolivia
22%
Laos
19%
Uruguay
19%
Denmark
17%
Singapore
14%
Honduras
11%
Palau
11%
Belgium
3%
No matching quizzes found
Score Distribution
Percent of People with Each Score
Percentile by Number Answered
Your Score History
You have not taken this quiz